LEADER 01416nam 2200493 450 001 9910295859003321 035 $a(CKB)4920000000028534 035 $a(MiAaPQ)EBC5634815 035 $a(EXLCZ)994920000000028534 100 $a20190124d2016 uy 0 101 0 $aspa 135 $aurcnu|||||||| 181 $ctxt$2rdacontent/spa 182 $cc$cc$2rdamedia/spa 183 $acr$2rdacarrier/spa 200 10$aContabilidad financiera /$fUriel Guillermo Angulo Guiza 210 1$aBogota? :$cEdiciones de la U,$d2016. 215 $a1 recurso en li?nea (371 pa?ginas) 225 1 $aContabilidad y finanzas 300 $aContiene i?ndice. 311 $a958-762-576-5 311 $a958-762-577-3 320 $aIncluye bibliografi?a. 410 0$aContabilidad y finanzas. 606 $aContabilidad 606 $aEstados financieros 606 $aImpuestos 606 $aAccounting 606 $aFinancial statements 606 $aTax accounting 608 $aLibros electronicos. 615 4$aContabilidad. 615 4$aEstados financieros. 615 4$aImpuestos. 615 0$aAccounting. 615 0$aFinancial statements. 615 0$aTax accounting. 676 $a657 700 $aAngulo Guiza$b Uriel Guillermo$0862605 801 0$bFINmELB 906 $aBOOK 912 $a9910295859003321 996 $aContabilidad financiera$92137048 997 $aUNINA LEADER 01680nam 2200553 450 001 9910467862003321 005 20200520144314.0 010 $a2-7592-2522-4 010 $a2-7592-2521-6 035 $a(CKB)4340000000017923 035 $a(MiAaPQ)EBC4742718 035 $a(PPN)199243794 035 $a(Au-PeEL)EBL4742718 035 $a(CaPaEBR)ebr11298259 035 $a(OCoLC)963695985 035 $a(EXLCZ)994340000000017923 100 $a20161124h20162016 uy 0 101 0 $afre 135 $aurcnu|||||||| 181 $2rdacontent 182 $2rdamedia 183 $2rdacarrier 200 14$aLes maladies emergentes $eZika, Ebola, chikungunya ... Comprendre ces infections et les prevenir au quotidien /$fJean-Philippe Braly, Avec Yazdan Yazdanpanah 210 1$aVersailles, [France] :$cEditions Quae,$d2016. 210 4$dİ2016 215 $a1 online resource (163 pages) $cillustrations 311 $a2-7592-2520-8 320 $aIncludes bibliographical references. 606 $aZika virus infection 606 $aZika virus 606 $aEbola virus disease 606 $aEbola virus disease$xPrevention 606 $aChikungunya 608 $aElectronic books. 615 0$aZika virus infection. 615 0$aZika virus. 615 0$aEbola virus disease. 615 0$aEbola virus disease$xPrevention. 615 0$aChikungunya. 676 $a614.5885 700 $aBraly$b Jean-Philippe$0923240 702 $aYazdanpanah$b Avec Yazdan 801 0$bMiAaPQ 801 1$bMiAaPQ 801 2$bMiAaPQ 906 $aBOOK 912 $a9910467862003321 996 $aLes maladies emergentes$92071799 997 $aUNINA